Tromso Airport Destinations - Statistics

General Stats
  • This quiz has been taken 17 times
  • The average score is 28 of 47
Answer Stats
Airline Destination % Correct
Lufthansa Frankfurt
100%
Finnair Helsinki
100%
easyJet/Norwegian London Gatwick
100%
British Airways London Heathrow
100%
Wizz Air London Luton
100%
Widerøe/SAS/Norwegian Oslo
100%
SAS Stockholm
100%
SAS/Norwegian Copenhagen
93%
Lufthansa/Norwegian Munich
93%
Austrian Airlines Vienna
93%
Widerøe Bergen
87%
easyJet/Eurowings/Norwegian Berlin
87%
Aer Lingus Dublin
87%
easyJet/Norwegian Manchester
87%
Air France/Norwegian/easyJet Paris Charles de Gualle
87%
Transavia Paris Orly
87%
Edelsweiss Air Zurich
87%
easyJet/Transavia Amsterdam
80%
Air Serbia Belgrade
80%
Eurowings Dusseldorf
80%
Eurowings Hamburg
80%
Iberia Madrid
73%
easyJet Milan Malpensa
73%
SAS/Norwegian Trondheim
73%
Vueling Barcelona
67%
SAS/Widerøe Bodo
67%
Finnair Rovaniemi
67%
easyJet/Norwegian Geneva
60%
Eurowings Stuttgart
53%
Wizz Air Gdansk
47%
Widerøe/Norwegian/SAS Alta
40%
easyJet Bristol
40%
Norwegian Bergamo
33%
Widerøe/Edelsweiss Air Harstad-Narvik
33%
Norwegian/SAS Longyearbyen
33%
Norwegian Gran Canaria
27%
Widerøe Kirkenes
27%
Widerøe Hammerfest
20%
Widerøe Andenes
13%
Widerøe Hasvik
13%
Widerøe Vadso
13%
Widerøe Honningsvag
7%
Widerøe Lakselv
7%
Widerøe Leknes
7%
Widerøe Stokmarknes/Skagen
7%
Widerøe Svolvaer/Evenes
7%
Widerøe Sorkjosen
0%
No matching quizzes found
Score Distribution
Percent of People with Each Score
Percentile by Number Answered
Your Score History
You have not taken this quiz